00753 a2200181 4500003000500000005001700005010001600022020001500038040000900053082001500062100001800077245005300095260010900148300003400257505021700291650003600508650002700544Nust20221124134839.0 a 95009055 a8173190402 cNust00a515.9, PON1 aPonnusamy, S.10aFoundations of complex analysis /cS. Ponnusamy. aSingapore ;aNew York :bJohn Wiley & Sons (Asia) Pte ;aNew Delhi, India :bNarosa Publ. House,cc1995. axii, 464 p. :bill. ;c24 cm. aComplex Numbers (Page-1), Analytic Functions (Page -83), Complex Integration (Page -191),Classification of Singularities (Page -313), Calculus of Residues (Page -347), Evalution of Cretian Intergrals (Page -407). 0aFunctions of complex variables. 0aMathematical analysis.